000 00401 a2200133 4500
999 _c9620
_d9620
050 _aKTZ2.2ZIM1986
100 _aGillespie, M.J
_eeditor
245 _aThe Zimbabwe law reports 1986
_bpart2
_cMJ Gillespie and A.M Donagher
264 _aHarare
_bLegal Resource Foundation
_c1986
300 _a334p.
500 _alaw reports
650 _aLaw---law reports---Zimbabwe
942 _2lcc
_cSERIALS
_h2.2
_iZIM
_kKTZ